[Event "Regionalliga SW9798"]
[Site "Bayern"]
[Date "1998.??.??"]
[Round "?"]
[White "Scherer, Armin"]
[Black "Stoppa, Detlef"]
[Result "1-0"]
[WhiteElo "1900"]
[BlackElo "1860"]

1.e4 c5 2.Nf3 Nc6 3.Nc3 d6 4.d4 cxd4 5.Nxd4 e5 6.Nf3 Nf6 7.Be2 Be7 8.O-O O-O
9.Bg5 Be6 10.Qd2 Qd7 11.Rfd1 Rfd8 12.Bxf6 Bxf6 13.Nd5 Bxd5 14.Qxd5 Ne7 15.Qb3 Qc6
16.Bc4 Qxe4 17.Bxf7+ Kh8 18.Bd5 Nxd5 19.Rxd5 Rac8 20.c3 g5 21.Rad1 g4 22.Nd2 Qe2
23.Nf1 Qa6 24.Ne3  1-0

[Event "Regionalliga NW9798"]
[Site "Bayern"]
[Date "1998.??.??"]
[Round "?"]
[White "Navara, David"]
[Black "Christ, Rene"]
[Result "1-0"]
[WhiteElo "2075"]
[BlackElo "1865"]

1.e4 c5 2.Nf3 Nc6 3.Nc3 d6 4.d4 cxd4 5.Nxd4 Nf6 6.Bc4 e6 7.Be3 Be7 8.Bb3 Bd7
9.Qe2 a6 10.O-O-O Na5 11.g4 Nxb3+ 12.Nxb3 Bc6 13.Bd4 O-O 14.g5 Nd7 15.h4 b5
16.f4 b4 17.Nb1 a5 18.g6 fxg6 19.Qc4 Rc8 20.Qxe6+ Kh8 21.h5 Bf6 22.hxg6 h6
23.Rdg1 Bxd4 24.Nxd4 Qf6 25.Rxh6+ gxh6 26.g7+ Kh7 27.gxf8=Q Rxf8 28.Qxf6 Rxf6
29.Nxc6 Rxf4 30.Nd2 h5 31.Rf1 Rxf1+ 32.Nxf1 Kg6 33.Kd2 Kg5 34.Ke3 Kg4 35.Nxa5 Ne5
36.b3 Kh3 37.Nc4 Ng4+ 38.Kf3 h4 39.Nxd6 Ne5+ 40.Kf2 Ng4+ 41.Kg1 Ne5 42.Nc4 Nf3+
43.Kf2 Ne5 44.Nh2 Nxc4 45.bxc4 b3 46.cxb3 Kxh2 47.e5 h3 48.e6 Kh1 49.e7 h2
50.Kg3  1-0

[Event "Oberliga Bayern9899"]
[Site "Bayern"]
[Date "1998.??.??"]
[Round "?"]
[White "Olbrich, Joachim"]
[Black "Rohrbach, Frank"]
[Result "1-0"]
[WhiteElo "2150"]
[BlackElo "2085"]

1.e4 c5 2.Nc3 Nc6 3.Nge2 Nf6 4.g3 d5 5.exd5 Nxd5 6.Bg2 Nxc3 7.Nxc3 Bf5 8.O-O Qd7
9.d3 Rc8 10.Be3 b6 11.Ne4 g6 12.Qd2 h5 13.Rfe1 Bg7 14.Rad1 h4 15.Bg5 Kf8
16.c3 hxg3 17.fxg3 Bg4 18.Rc1 Rd8 19.Nf2 Be6 20.Rcd1 Kg8 21.a3 Bd5 22.Ne4 Ne5
23.Bf4 Bb3 24.Bxe5 Bxe5 25.Ra1 f6 26.Nf2 Kg7 27.Qe3 Rh7 28.d4 cxd4 29.cxd4 Bxd4
30.Qxb3 Rxh2 31.Kxh2 Bxf2 32.Bh3 Qd2 33.Rxe7+ Kh6 34.Kh1 Bxg3  1-0

[Event "Landesliga Nord9798"]
[Site "Bayern"]
[Date "1998.??.??"]
[Round "?"]
[White "Fischer, Franz"]
[Black "Petzold, Vinzenz"]
[Result "0-1"]
[WhiteElo "2020"]
[BlackElo "2010"]

1.e4 c5 2.Nf3 Nc6 3.Nc3 Nf6 4.d4 cxd4 5.Nxd4 e5 6.Ndb5 d6 7.Bg5 a6 8.Na3 b5
9.Nd5 Be7 10.Bxf6 Bxf6 11.c3 O-O 12.Nc2 Bg5 13.h4 Bh6 14.g4 Bf4 15.Qf3 Bb7
16.Nxf4 Qf6 17.g5 Qxf4 18.Qxf4 exf4 19.f3 Ne5 20.Kf2 d5 21.exd5 Bxd5 22.Nd4 Ng4+
23.Kg2 Rfe8 24.Bd3 Re3 25.Rhd1 Rae8 26.Rd2 Re1 27.Ne2 Ne3+  0-1

[Event "Regionalliga SO9798"]
[Site "Bayern"]
[Date "1998.??.??"]
[Round "?"]
[White "Zauner, Josef"]
[Black "Fischer, Michael2"]
[Result "1/2-1/2"]
[WhiteElo "2140"]
[BlackElo "2035"]

1.e4 c5 2.Nc3 Nc6 3.Nf3 d6 4.d4 cxd4 5.Nxd4 Nf6 6.Bc4 e6 7.Be3 Be7 8.Qe2 a6
9.Bb3 Na5 10.O-O-O Nxb3+ 11.axb3 Qa5 12.Kb1 O-O 13.g4 Nd7 14.f4 Re8 15.Rhg1 Bf8
16.Nf3 b5 17.Rg3 b4 18.Na4 Bb7 19.e5 Bd5 20.Rh3 dxe5 21.Nxe5 Nxe5 22.fxe5 Bc6
23.Bb6 Qb5 24.Rhd3 Rab8 25.Qe3 Bd5 26.R3d2 Rec8 27.Rf2 Rb7  1/2-1/2

[Event "JUG-ch53"]
[Site "Belgrade "]
[Date "1998.??.??"]
[Round "7"]
[White "Knezevic, Bojan"]
[Black "Damljanovic, Branko"]
[Result "1/2-1/2"]
[WhiteElo "2420"]
[BlackElo "2540"]

1.e4 c5 2.Nf3 Nc6 3.Nc3 d6 4.d4 cxd4 5.Nxd4 Nf6 6.Bc4 Qb6 7.Nxc6 bxc6 8.O-O e6
9.Qe2 Be7 10.e5 dxe5 11.Qxe5 O-O 12.Qe2 Bb7 13.b3 Rad8 14.Bb2 c5 15.Rad1 Qc6
16.f3 h5 17.Rxd8 Rxd8 18.Rd1 Rxd1+ 19.Nxd1 h4 20.Nf2 Qc7 21.Nd3 Nd5 22.Bxd5 exd5
23.Qe5 Qxe5 24.Nxe5 h3 25.gxh3 Bd6 26.Kg2 f6 27.Nd3 c4 28.Ne1 Bc5 29.c3 Bc8
30.Nc2 Bf5 31.b4 Bb6 32.Nd4 Bd7 33.Bc1 Bxd4 34.cxd4 Kf7 35.h4 c3 36.h5 a6
37.Kg3 Bb5 38.h4 Bd7 39.Bf4 Be8 40.h6 gxh6 41.Bxh6 Kg6 42.Bc1 Kh5 43.Be3 Bd7  1/2-1/2

[Event "Berliner Sommer 16th"]
[Site "Berlin"]
[Date "1998.??.??"]
[Round "4"]
[White "Rechel, Bernd"]
[Black "Grigore, George"]
[Result "0-1"]
[WhiteElo "2365"]
[BlackElo "2475"]

1.e4 c5 2.Nc3 Nc6 3.Nf3 e5 4.Bc4 Be7 5.d3 d6 6.Ng5 Bxg5 7.Qh5 Be7 8.Qxf7+ Kd7
9.Be6+ Kc7 10.Nd5+ Kb8 11.Bxc8 Kxc8 12.Qxg7 Bf6 13.Qf7 Nd4 14.O-O Qd7 15.Qf8+ Bd8
16.c3 Ne6 17.Qf3 Ne7 18.Nf6 Rf8 19.Nxd7 Rxf3 20.Nxe5 dxe5 21.gxf3 Ng6 22.Kh1 Bf6
23.Be3 Kc7 24.Rac1 Rd8 25.Rfd1 Kb8 26.Rd2 Nh4 27.Rb1 Nxf3 28.Rdd1 Be7 29.a3 Kc7
30.Rbc1 b6 31.Kg2 Nh4+ 32.Kh1 Kb7 33.b4 Bg5 34.Bxg5 Nxg5 35.bxc5 bxc5 36.Rg1 Nhf3
37.Rgd1 Rg8 38.Rc2 Nh3 39.Re2 Nh4 40.Rf1 Nf3 41.Rd1 h5 42.Rc1 h4 43.Rd1 Ka6
44.Rb1 Nhg1  0-1

[Event "Berliner Sommer 16th"]
[Site "Berlin"]
[Date "1998.??.??"]
[Round "5"]
[White "Suarez Pousa, Diego"]
[Black "Poseck, Steffen"]
[Result "1/2-1/2"]
[WhiteElo "2345"]
[BlackElo "2085"]

1.e4 c5 2.Nc3 Nc6 3.Nf3 d6 4.d4 cxd4 5.Nxd4 Nf6 6.Bc4 e6 7.Be3 a6 8.Qe2 Qc7
9.Bb3 Be7 10.O-O-O Bd7 11.Rhg1 Na5 12.g4 h6 13.f4 Nxb3+ 14.axb3 g6 15.f5 e5
16.Nf3 g5 17.h4 gxh4 18.Nxh4 O-O-O 19.g5 hxg5 20.Bxg5 Bc6 21.Nf3 b5 22.Bxf6 Bxf6
23.Nd5 Bxd5 24.Rxd5 Kb7 25.Kb1 Rc8 26.Rgd1 Rhd8 27.Qd3 Qc6 28.c3 Be7 29.Rh1 Qe8
30.b4 Rc7 31.Nd2 Qc6 32.Nb3 Qb6 33.Ka2 Bg5 34.Rd1 Be7 35.Qf3 Bf6 36.R1d3 Ka7
37.Qd1 Be7 38.f6 Bxf6 39.Rxd6 Rxd6 40.Rxd6 Rc6 41.Rd7+ Rc7 42.Na5 Qe6+ 43.Rd5 Be7
44.Ka1 Kb8 45.Qh5 f6 46.Qd1 Kc8 47.Qb3 Qg4 48.Rd1 Rd7 49.Rxd7 Qxd7 50.Qg8+ Kc7
51.Ka2 Qd1 52.Nb3 Qd8 53.Qf7 Qd7 54.Qg8 Qd8 55.Qg7 Qd7 56.Qg1 Qe6 57.Qa7+ Kd8
58.Ka3 Qc8 59.Na5 Ke8 60.Nb3 Qc6 61.Nc5 Bxc5 62.Qxc5 Qxe4 63.Qc8+ Ke7 64.Qxa6 Qe2
65.Qb7+ Ke6 66.Qc8+ Ke7 67.Qc7+ Ke6 68.Qc8+ Ke7 69.Qc7+  1/2-1/2

[Event "Berliner Sommer 16th"]
[Site "Berlin"]
[Date "1998.??.??"]
[Round "6"]
[White "Brustkern, Juergen"]
[Black "Belov, Vladimir"]
[Result "1/2-1/2"]
[WhiteElo "2255"]
[BlackElo "2355"]

1.e4 c5 2.Nc3 Nc6 3.Nge2 e5 4.Nd5 d6 5.Nec3 Be6 6.Bc4 Qd7 7.O-O O-O-O 8.d3 h6
9.f4 exf4 10.Bxf4 g5 11.Be3 Bg7 12.Rb1 Nge7 13.Nf6 Bxf6 14.Rxf6 Bxc4 15.dxc4  1/2-1/2

[Event "Besancon"]
[Site "Besancon"]
[Date "1998.??.??"]
[Round "5"]
[White "Guyot, Philippe"]
[Black "Vincent, Damien"]
[Result "1/2-1/2"]
[WhiteElo "2290"]
[BlackElo "2120"]

1.e4 c5 2.Nf3 Nc6 3.Nc3 e5 4.Bc4 Be7 5.d3 Nf6 6.Ng5 O-O 7.f4 exf4 8.Bxf4 d5
9.exd5 Bg4 10.Qd2 Nb4 11.d6 Bxd6 12.O-O Bh5 13.Kh1 Bg6 14.Nh3 a6 15.Bg5 Be7
16.a3 b5 17.axb4 bxc4 18.bxc5 cxd3 19.Nf4 dxc2 20.Nxg6  1/2-1/2

[Event "Besancon"]
[Site "Besancon"]
[Date "1998.??.??"]
[Round "7"]
[White "Loeffler, Markus"]
[Black "Roser, Kevin"]
[Result "1-0"]
[WhiteElo "2350"]
[BlackElo "2255"]

1.e4 c5 2.Nc3 Nc6 3.Nge2 d6 4.d4 cxd4 5.Nxd4 Nf6 6.f3 e6 7.Be3 Be7 8.Qd2 O-O
9.O-O-O d5 10.exd5 Nxd5 11.Nxd5 Qxd5 12.c4 Qd6 13.Qf2 Nxd4 14.Bxd4 e5 15.Bc3 Qc7
16.Bd3 Be6 17.Rhe1 Bd6 18.Kb1 Rfd8 19.Qh4 f5 20.Qg5 Qf7 21.b3 b5 22.cxb5 Bxb3
23.axb3 Qxb3+ 24.Bb2 Rdc8 25.Bxf5 Ba3 26.Qd2 Rc5 27.Re3 Qf7 28.Qd8+ Qf8 29.Be6+  1-0

[Event "Biel op"]
[Site "Biel"]
[Date "1998.??.??"]
[Round "2"]
[White "Ciric, Dragoljub M"]
[Black "Kallai, Gabor"]
[Result "1/2-1/2"]
[WhiteElo "2350"]
[BlackElo "2470"]

1.e4 c5 2.Nf3 Nc6 3.Nc3 g6 4.d4 cxd4 5.Nxd4 Bg7 6.Be3 Nf6 7.Bc4 O-O 8.O-O Nxe4
9.Nxe4 d5 10.Nxc6 bxc6 11.Bd3 dxe4 12.Bxe4 Ba6 13.Qxd8 Rfxd8 14.Rfd1 Bxb2
15.Rxd8+ Rxd8 16.Rb1 Bc4 17.g3 Bf6 18.a4 Bd5 19.Bxd5 Rxd5 20.Rb7 a5 21.Bh6 Rd8
22.Rc7 Bg7 23.Be3 Bd4 24.Bh6 Bg7  1/2-1/2

[Event "Biel"]
[Site "Biel"]
[Date "1998.??.??"]
[Round "6"]
[White "Bagirov, Rufat"]
[Black "Peptan, Corina"]
[Result "1-0"]
[WhiteElo "2325"]
[BlackElo "2410"]

1.e4 c5 2.Nf3 Nc6 3.Nc3 d6 4.d4 cxd4 5.Nxd4 Nf6 6.Bc4 e6 7.Be3 a6 8.Qe2 Qc7
9.Bb3 Be7 10.O-O-O Na5 11.g4 b5 12.g5 Nxb3+ 13.axb3 Nd7 14.Nf5 exf5 15.Nd5 Qd8
16.exf5 Bb7 17.f6 Bxd5 18.Rxd5 Nxf6 19.gxf6 Bxf6 20.Bf4+ Qe7 21.Re1 Qxe2
22.Rxe2+ Kf8 23.Rxd6 h5 24.Be5 Bxe5 25.Rxe5 g6 26.c4 Kg7 27.Kc2 Rhc8 28.c5 Rc7
29.Kc3 Rac8 30.b4 Ra8 31.Kd4 a5 32.c6 axb4 33.Kc5 Rca7 34.Rd7 Ra2 35.Re2 b3
36.c7 R8a4 37.Kxb5  1-0

[Event "SLO-ch U18"]
[Site "Bled"]
[Date "1998.??.??"]
[Round "?"]
[White "Pahor, Milos"]
[Black "Kavcic, Uros"]
[Result "0-1"]
[WhiteElo "1815"]
[BlackElo "2200"]

1.e4 c5 2.Nf3 Nc6 3.Nc3 g6 4.Bc4 Bg7 5.O-O e6 6.d4 Nxd4 7.Nxd4 cxd4 8.Nb5 Qb6
9.c3 a6 10.Nxd4 Ne7 11.Bb3 O-O 12.Be3 Qc7 13.f4 f5 14.e5 g5 15.Qe2 gxf4 16.Bxf4 Ng6
17.Rae1 Kh8 18.Qe3 Nxf4 19.Qxf4 b5 20.Rf3 Bb7 21.Rh3 Rf7 22.Bd1 Bf8 23.Bf3 Rg7
24.Ne2 Bc5+ 25.Kh1 Rag8 26.Ng3 Be7 27.Qd4 Bxf3 28.gxf3 Qc6 29.Nh5 Bc5 30.Qd1 Rg1+
31.Rxg1 Rxg1+ 32.Qxg1 Bxg1 33.Kxg1 Qc5+ 34.Kg2 Qxe5 35.f4 Qe2+ 36.Kg1 Qg4+  0-1

[Event "SLO-HUN mJ"]
[Site "Bled"]
[Date "1998.??.??"]
[Round "2"]
[White "Toth, Andras"]
[Black "Sebenik, Matej"]
[Result "1/2-1/2"]
[WhiteElo "2325"]
[BlackElo "2150"]

1.e4 c5 2.Nc3 Nc6 3.Nf3 e5 4.Bc4 Be7 5.d3 Nf6 6.O-O O-O 7.h3 d6 8.Be3 h6
9.Nd5 Be6 10.Nxf6+ Bxf6 11.Bxe6 fxe6 12.c3 Qe7 13.d4 exd4 14.cxd4 Rad8 15.d5 Ne5
16.Nxe5 dxe5 17.Qc2 b6 18.Rad1 exd5 19.exd5 e4 20.b3 Kh8 21.Rfe1 Rfe8 22.Qc4 Qe5
23.Re2 Rd7 24.Bc1 Qf5 25.Be3  1/2-1/2

[Event "Bled op"]
[Site "Bled"]
[Date "1998.??.??"]
[Round "4"]
[White "Ankerst, Mihael"]
[Black "Jelen, Igor"]
[Result "0-1"]
[WhiteElo "2360"]
[BlackElo "2430"]

1.e4 c5 2.Nf3 Nc6 3.Nc3 e5 4.Bc4 Be7 5.d3 d6 6.O-O Nf6 7.Ng5 O-O 8.f4 h6
9.Nf3 exf4 10.Bxf4 Be6 11.Nd5 Bxd5 12.Bxd5 Nxd5 13.exd5 Ne5 14.Qd2 Bf6 15.Rae1 Re8
16.c3 Qd7 17.Nxe5 Bxe5 18.Bxe5 Rxe5 19.Rxe5 dxe5 20.c4 a5 21.h3 b6 22.a3 a4
23.Qc3 f6 24.b4 axb3 25.Qxb3 Ra6 26.Rb1 Qf5 27.Rd1 Qd7 28.Rb1 Qf5 29.a4 Qd7
30.Ra1 Kf7 31.Ra3 Kg8 32.Qa2 Qa7 33.Kf2 Qd7 34.a5 Qa7 35.d6 bxa5 36.Rb3 Rxd6
37.Qa4 Qa8 38.Qb5 a4 39.Ra3 Qc8 40.Qxa4 Qf5+ 41.Ke2 e4 42.Qa8+ Kh7 43.dxe4 Qg5
44.e5 Qd2+ 45.Kf3 Qd1+ 46.Kg3 Qe1+ 47.Kf3 Rd4 48.h4 Qf1+  0-1

[Event "Bled op"]
[Site "Bled"]
[Date "1998.??.??"]
[Round "8"]
[White "Ankerst, Mihael"]
[Black "Kavcic, Uros"]
[Result "0-1"]
[WhiteElo "2360"]
[BlackElo "2225"]

1.e4 c5 2.Nf3 Nc6 3.Nc3 g6 4.d4 cxd4 5.Nxd4 Bg7 6.Be3 Nf6 7.Bc4 Ne5 8.Bb3 Neg4
9.Bc1 Qb6 10.O-O d5 11.h3 Nxe4 12.hxg4 Bxd4 13.Nxe4 dxe4 14.Bh6 e6 15.c3 Be5
16.Ba4+ Ke7 17.Qe2 f5 18.Rad1 Qa5 19.Qc4 Qc7 20.Qb4+ Kf7 21.Rd2 a6 22.c4 Qe7
23.Qa5 Bc7 24.Qc3 Rg8 25.Rfd1 b5 26.cxb5 axb5 27.Qc6 Rxa4 28.Rd7 Bxd7 29.Rxd7 Rc8
30.Bg5 Bh2+ 31.Kxh2 Rxc6 32.Rxe7+ Kf8 33.Rxh7 Rxa2 34.Bf6 f4 35.Kh3 Ra1 36.Kh2 Rcc1  0-1

[Event "Cupa Dinamo"]
[Site "Brasov"]
[Date "1998.??.??"]
[Round "9"]
[White "Sofronie, Iulian"]
[Black "Rogozenko, Dorin"]
[Result "1-0"]
[WhiteElo "2405"]
[BlackElo "2495"]

1.e4 c5 2.Nf3 Nc6 3.Nc3 e6 4.g3 d6 5.Bg2 Nf6 6.O-O Be7 7.d4 cxd4 8.Nxd4 Bd7
9.b3 Nxd4 10.Qxd4 Bc6 11.Bb2 O-O 12.Rad1 Qc7 13.Qd3 Rfd8 14.Rfe1 a6 15.a4 b6
16.Ne2 Bb7 17.c4 Rac8 18.Nf4 Bc6 19.Ne2 Qb8 20.Nd4 Bb7 21.h3 Qa8 22.g4 Nd7
23.Qe3 Bf8 24.g5 Re8 25.f4 Nc5 26.Re2 e5 27.Nf5 Ne6 28.Rf1 d5 29.Kh1 d4 30.Qg3 Nc5
31.fxe5 Bxe4 32.Rxe4 Nxe4 33.Qf4 Qb8 34.Bxe4 Qxe5 35.Nh6+  1-0

[Event "Cupa Dinamo"]
[Site "Brasov"]
[Date "1998.??.??"]
[Round "13"]
[White "Sofronie, Iulian"]
[Black "Moldovan, Daniel"]
[Result "0-1"]
[WhiteElo "2405"]
[BlackElo "2420"]

1.e4 c5 2.Nf3 Nc6 3.Nc3 d6 4.g3 g6 5.Bg2 Bg7 6.O-O e5 7.d3 Nge7 8.Nh4 O-O
9.f4 exf4 10.Bxf4 h6 11.Be3 Ne5 12.h3 Be6 13.Qd2 Kh7 14.Ne2 Qd7 15.Kh2 Rac8
16.c4 b5 17.b3 g5 18.Nf5 Nxf5 19.exf5 Bxf5 20.d4 cxd4 21.Nxd4 Bd3 22.Nxb5 Bxf1
23.Rxf1 Rcd8 24.Bxa7 Ng6 25.Bb6 Rb8 26.Bd4 f5 27.Bxg7 Qxg7 28.Nxd6 f4 29.gxf4 Nxf4
30.Be4+ Kh8 31.Rd1 Ne6 32.Qd5 Qb2+ 33.Kh1 Rf2 34.Nf7+ Kg7 35.Qe5+ Qxe5 36.Nxe5 Nc5
37.Bb1 Rb2 38.Nc6 Re8 39.b4 Na4 40.Bd3 Nc3 41.Ra1 Re3 42.Bf1 Ne4 43.a4 g4
44.hxg4 Nf2+  0-1

[Event "Bristol op"]
[Site "Bristol"]
[Date "1998.??.??"]
[Round "1"]
[White "Buckley, David"]
[Black "Beaumont, Chris"]
[Result "1-0"]
[WhiteElo "2115"]
[BlackElo "2335"]

1.e4 c5 2.Nc3 Nc6 3.Nge2 g6 4.d4 cxd4 5.Nxd4 Bg7 6.Nb3 Nf6 7.Be2 O-O 8.Bg5 d6
9.Qd2 Be6 10.Bh6 Bxh6 11.Qxh6 Rc8 12.h4 Ne5 13.h5 Rxc3 14.bxc3 Qc7 15.hxg6 fxg6
16.Qe3 Nxe4 17.c4 Nxf2 18.O-O Nfg4 19.Rxf8+ Kxf8 20.Bxg4 Bxg4 21.Qxa7 Nxc4
22.Rf1+ Kg7 23.Qf2 Qd8 24.Qf7+  1-0

[Event "Wch-09 blind "]
[Site "Brno"]
[Date "1998.??.??"]
[Round "5"]
[White "Jounousov, Mouret"]
[Black "Smirnov, Sergei"]
[Result "0-1"]
[WhiteElo "2425"]
[BlackElo "2205"]

1.e4 c5 2.Nf3 Nc6 3.Nc3 d6 4.d4 cxd4 5.Nxd4 Nf6 6.Bc4 e6 7.Be3 Be7 8.Qe2 O-O
9.O-O-O Bd7 10.Bb3 Na5 11.g4 Nxb3+ 12.axb3 Qa5 13.g5 Ne8 14.Rhg1 Nc7 15.Kb1 b5
16.f4 b4 17.Na2 Rfb8 18.Nc1 Rb6 19.Nd3 Ra6 20.Kc1 e5 21.Nf5 Bxf5 22.exf5 e4
23.Nf2 Qxf5 24.Qc4 Qa5 25.Qxe4 Re8 26.Qd3 d5 27.f5 Bd6 28.g6 fxg6 29.fxg6 Be5
30.Rdf1 Bxb2+ 31.Kd1 Rae6 32.gxh7+ Kh8 33.Bc1 Qa1 34.Qd2 Nb5 35.Qg5 Bxc1
36.Qxc1 Nc3+ 37.Kd2 Re2+ 38.Kd3 Qa6+ 39.Kd4 R2e3  0-1

[Event "Wch-09 blind "]
[Site "Brno"]
[Date "1998.??.??"]
[Round "7"]
[White "Bjerring, Kai"]
[Black "Durban Piera, Joan"]
[Result "1/2-1/2"]
[WhiteElo "2345"]
[BlackElo "2165"]

1.e4 c5 2.Nf3 Nc6 3.Nc3 d6 4.d4 cxd4 5.Nxd4 Nf6 6.Bg5 a6 7.Qd2 e6 8.O-O-O h6
9.Bf4 Ne5 10.Bg3 Nh5 11.f4 Nxg3 12.hxg3 Nc6 13.g4 Bd7 14.g3 Qc7 15.Be2 Nxd4
16.Qxd4 Qc5 17.Qd3 O-O-O 18.Rh5 Qc7 19.g5 Bc6 20.Bf3 g6 21.Rh2 Bg7 22.gxh6 Bxh6
23.Rdh1 Bg7 24.Rh7 Bf6 25.f5 gxf5 26.exf5 Qa5 27.Bxc6 bxc6 28.fxe6 Rxh7 29.Rxh7 Bxc3
30.bxc3 fxe6 31.Qc4 Qg5+ 32.Kd1 Qd5+ 33.Qxd5 cxd5 34.Ke2 Rd7 35.Rh6 e5 36.g4 Kc7
37.Rh2 Rg7 38.Rg2 Kd7 39.Kf3 Rh7 40.g5 Rh3+ 41.Kg4 Rxc3 42.g6 Ke6 43.Rf2 Rc7
44.Kg5 e4 45.Kh6 e3 46.Rg2 Kf5 47.g7 Rc8 48.g8=Q Rxg8 49.Rxg8 Kf4 50.Rg1 e2
51.Kg6 Ke3 52.Kf5 Kf2 53.Rh1 e1=Q 54.Rxe1 Kxe1 55.Ke6 Kd2 56.Kxd6 Kxc2 57.Kxd5 Kb2
58.Kc5 Kxa2  1/2-1/2

[Event "Bucharest Fest GM"]
[Site "Bucharest"]
[Date "1998.??.??"]
[Round "?"]
[White "Moldovan, Daniel"]
[Black "Dumitrescu, Dragos"]
[Result "1-0"]
[WhiteElo "2455"]
[BlackElo "2420"]

1.e4 c5 2.Nc3 Nc6 3.Nge2 e5 4.Nd5 Nf6 5.Nec3 d6 6.Bc4 Be6 7.d3 Be7 8.O-O O-O
9.a3 a6 10.f4 b5 11.Ba2 exf4 12.Bxf4 b4 13.axb4 cxb4 14.Nxe7+ Nxe7 15.Na4 d5
16.Bg5 dxe4 17.Bxf6 gxf6 18.Bxe6 Qd4+ 19.Kh1 fxe6 20.Qg4+ Kf7 21.Rae1 a5
22.Rxe4 Qd6 23.Qh5+ Kg7 24.Rg4+  1-0

[Event "Bucharest Fest GM"]
[Site "Bucharest"]
[Date "1998.??.??"]
[Round "?"]
[White "Moldovan, Daniel"]
[Black "Moraru, Marius"]
[Result "1-0"]
[WhiteElo "2455"]
[BlackElo "2420"]

1.e4 c5 2.Nc3 Nc6 3.Nge2 g6 4.d4 cxd4 5.Nxd4 Bg7 6.Nb3 Nf6 7.Be2 O-O 8.O-O a6
9.f4 b5 10.e5 Ne8 11.Bf3 Rb8 12.Be3 Nc7 13.Qd2 f6 14.Rad1 Qe8 15.Nd5 Nxd5
16.Qxd5+ e6 17.Qd6 Ra8 18.exf6 Bxf6 19.Bxc6 dxc6 20.Bd4 Bxd4+ 21.Rxd4 Rf5
22.Re1 Ra7 23.Nc5 Re7 24.Re5 Rf6 25.g3 h6 26.Qd8 Rf8 27.Qxe8 Rfxe8 28.Kf2 Kf7
29.h4 Rf8 30.Rd6 Rc7 31.Nxe6 Ke7 32.Nxf8+ Kxd6 33.Nxg6 Rg7 34.h5 Bg4 35.Nh4 Re7
36.Nf5+  1-0

[Event "Bucharest Fest GM"]
[Site "Bucharest"]
[Date "1998.??.??"]
[Round "?"]
[White "Marjanovic, Slavoljub"]
[Black "Moraru, Marius"]
[Result "1/2-1/2"]
[WhiteElo "2460"]
[BlackElo "2420"]

1.e4 c5 2.Nc3 Nc6 3.Nge2 Nf6 4.d4 cxd4 5.Nxd4 e5 6.Ndb5 d6 7.Bg5 a6 8.Na3 b5
9.Nd5 Be7 10.Bxf6 Bxf6 11.c3 Bb7 12.Nc2 Nb8 13.a4 bxa4 14.Rxa4 Nd7 15.Rb4 Rb8
16.Nce3  1/2-1/2

[Event "Bucharest Fest IM"]
[Site "Bucharest"]
[Date "1998.??.??"]
[Round "?"]
[White "Vasiesiu, Dan"]
[Black "Bagonyai, Attila"]
[Result "1-0"]
[WhiteElo "2390"]
[BlackElo "2315"]

1.e4 c5 2.Nf3 Nc6 3.Nc3 g6 4.d4 cxd4 5.Nxd4 Bg7 6.Nde2 Nf6 7.g3 Rb8 8.a4 O-O
9.Bg2 a6 10.O-O b5 11.axb5 axb5 12.Nd5 d6 13.c3 Nd7 14.Nd4 Nde5 15.Nc2 e6
16.Ndb4 Bb7 17.Qe2 Nxb4 18.Nxb4 Nc6 19.Nxc6 Bxc6 20.Bf4 Qc7 21.Rfd1 Rfd8
22.h4 e5 23.Bg5 f6 24.Be3 Be8 25.Ra6 Bf8 26.Rda1 Rb7 27.R1a5 Rdb8 28.Ba7 Rd8
29.Qe3 Qf7 30.Qd2 Be7 31.Be3 Rdb8 32.Ra8 Bf8 33.Bh3 f5 34.exf5 gxf5 35.Rxb8 Rxb8
36.Ra7 Qg6 37.Qd3 e4 38.Qd5+ Bf7 39.Qxf5 b4 40.Qf4 bxc3 41.bxc3 Be6 42.Bxe6+ Qxe6
43.Qg5+ Qg6 44.Qd5+  1-0

[Event "Bucharest Fest GM"]
[Site "Bucharest"]
[Date "1998.??.??"]
[Round "?"]
[White "Vukovic, Zdravko"]
[Black "Rogozenko, Dorin"]
[Result "0-1"]
[WhiteElo "2425"]
[BlackElo "2435"]

1.e4 c5 2.Nf3 Nc6 3.Nc3 g6 4.d4 cxd4 5.Nxd4 Bg7 6.Nb3 Nf6 7.Be2 O-O 8.O-O d6
9.Re1 a6 10.Bf1 b5 11.Bg5 Nd7 12.Rb1 Nb6 13.Nd5 Re8 14.Be3 Nxd5 15.exd5 Ne5
16.Bd4 Bb7 17.f4 Nd7 18.Bxg7 Kxg7 19.Qd4+ Kg8 20.Be2 Qb6 21.Bf3 Rac8 22.Re3 Qxd4
23.Nxd4 Nf6 24.Rbe1 Kf8 25.Nc6 Nxd5 26.Bxd5 Bxc6 27.Bxc6 Rxc6 28.R1e2 e6
29.Re4 h5 30.a4 Rec8 31.c3 Rc4 32.axb5 axb5 33.g3 Rxe4 34.Rxe4 Rc4 35.Re3 b4
36.Kf2 bxc3 37.bxc3 Ra4 38.Re2 d5 39.Ke3  0-1

[Event "Bucharest Cup IM"]
[Site "Bucharest"]
[Date "1998.??.??"]
[Round "?"]
[White "Leskur, Dejan"]
[Black "Dinu, George Daniel"]
[Result "1/2-1/2"]
[WhiteElo "2380"]
[BlackElo "2225"]

1.e4 c5 2.Nf3 Nc6 3.Nc3 e5 4.Bc4 Be7 5.d3 d6 6.Nd2 Nf6 7.Nf1 O-O 8.Ne3 a6
9.a4 Be6 10.O-O Nb4 11.Qf3 Qd7 12.Re1 Rfd8 13.a5 d5 14.exd5 Nfxd5 15.Ncxd5 Nxd5
16.Nxd5 Bxd5 17.Bxd5 Qxd5 18.Qxd5 Rxd5 19.Ra4 f6 20.Be3 Kf7 21.Rc4 Rc8 22.g4 Rc6
23.Kg2 g6 24.h3 Rd7 25.f3 Bd6 26.Ra1 Ke6 27.Bf2 Rdc7 28.Bg3 Re7 29.Re1 Kf7
30.Re2 Bc7 31.Be1 Rd7 32.Bc3 g5 33.Kf2 Kg6 34.Re1 h6 35.Rb1 Bd6 36.Ke3 h5
37.Kf2 hxg4 38.fxg4 Rh7 39.Kg2 Rhc7 40.Rf1 Rh7 41.Bd2 Be7 42.b3 Rh8 43.Rh1 Kf7
44.Re4 Ke6 45.Be1 Bd8 46.Re3 Rd6 47.Kf3 Bc7 48.Re4 Rd4 49.Bc3 Rxe4 50.dxe4 Bd6
51.Ke2 Be7 52.Kd3 Kd7 53.Kc4 Kc6 54.Rh2 Rh7 55.Be1 Bd8 56.h4 gxh4 57.Rxh4 Rd7
58.Bc3 Rg7 59.Rh8 Be7 60.Rc8+ Kd7 61.Rb8 Kc7 62.Re8 Kd7 63.Rb8  1/2-1/2

[Event "Bucharest Cup IM"]
[Site "Bucharest"]
[Date "1998.??.??"]
[Round "?"]
[White "Grigore, Nicolae Petre"]
[Black "Dinu, George Daniel"]
[Result "1/2-1/2"]
[WhiteElo "2265"]
[BlackElo "2225"]

1.e4 c5 2.Nf3 Nc6 3.Nc3 e5 4.Bc4 Be7 5.d3 d6 6.Nd2 Nf6 7.Nf1 O-O 8.Ne3 Be6
9.O-O Qd7 10.a3 Kh8 11.Rb1 Ng8 12.Ncd5 Bg5 13.b4 cxb4 14.axb4 Nce7 15.f4 exf4
16.Nxf4 Bxf4 17.Rxf4 Ng6 18.Rf2 N8e7 19.Bb2 b5 20.Bxe6 fxe6 21.Rxf8+ Rxf8
22.Qg4 Rf4 23.Qh3 Rh4 24.Qg3 e5 25.Bc1 Rf4 26.Bd2 Qc7 27.h3 Rf6 28.Qe1 Nf4
29.Ng4 Rf8 30.Bxf4 exf4 31.Qf2 Ng6 32.Ra1 Qc3 33.Rxa7 Qxb4 34.Rc7 Qa5 35.Rb7 Qa1+
36.Qf1 Qd4+ 37.Qf2 Qa1+ 38.Qf1 Qc3 39.Rxb5 Qxc2 40.Qb1 Qc3 41.Rb8 h6 42.Rxf8+ Nxf8
43.Nh2 Qc5+ 44.Kh1 d5 45.Nf3 dxe4 46.dxe4 Ne6 47.Qb3 Qc6 48.e5 Qd7 49.Kh2 g5
50.Qb1 Kg7 51.Qe4 Qe7 52.Qd5 Qf7 53.Nd2 Nf8 54.Qd4 Qd7 55.Qc3 Ne6 56.Nc4 Qd4
57.Qb4 Nc5 58.Qb6 Qxc4 59.Qf6+ Kh7 60.Qf5+  1/2-1/2

[Event "Ciocaltea mem"]
[Site "Bucharest"]
[Date "1998.??.??"]
[Round "6"]
[White "Milu, Romeo Sorin"]
[Black "Rogozenko, Dorin"]
[Result "1/2-1/2"]
[WhiteElo "2395"]
[BlackElo "2495"]

1.e4 c5 2.Nc3 Nc6 3.Nge2 e6 4.g3 d5 5.exd5 exd5 6.Bg2 d4 7.Nd5 Nf6 8.Nef4 Nxd5
9.Nxd5 Bd6 10.O-O O-O 11.d3 Re8 12.Bf4 Ne5 13.Bxe5 Rxe5 14.Re1 Be6 15.Rxe5 Bxe5
16.Qf3 Bxd5  1/2-1/2

[Event "Primavara"]
[Site "Bucharest"]
[Date "1998.??.??"]
[Round "10"]
[White "Marianovici, S."]
[Black "Berezin, Oleg"]
[Result "1-0"]
[WhiteElo "2420"]
[BlackElo "2455"]

1.e4 c5 2.Nc3 Nc6 3.Nge2 g6 4.d4 cxd4 5.Nxd4 Bg7 6.Be3 d6 7.Qd2 Nf6 8.f3 O-O
9.O-O-O Nxd4 10.Bxd4 Be6 11.Kb1 Rc8 12.g4 Bc4 13.h4 Bxf1 14.Rdxf1 Rc4 15.Ne2 Qd7
16.h5 Rfc8 17.c3 b5 18.Rc1 Qb7 19.b3 R4c7 20.Ng3 e5 21.Be3 d5 22.hxg6 fxg6
23.g5 d4 24.cxd4 exd4 25.Rxc7 Qxc7 26.Bf4 Qb6 27.gxf6 Qxf6 28.e5 Qf7 29.Qxd4 Rf8
30.Bh6 Bxh6 31.Rxh6 Qxf3 32.Ne4 Qf1+ 33.Kb2 Qf4 34.Rh1 Rf5 35.e6 Qe5 36.Qxe5 Rxe5
37.Nf6+ Kg7 38.Nxh7 b4 39.e7 Rxe7 40.Ng5 Re2+ 41.Kb1 Kf6 42.Nf3 Rf2 43.Nd4 g5
44.Rg1 a5 45.Nc6 g4 46.Nxa5 Kf5 47.Nc6 Kf4 48.Nxb4 Rd2 49.Kc1 Rd6 50.Kc2 g3
51.Nd3+ Kf3 52.a4  1-0

[Event "Budapest Nyar-A"]
[Site "Budapest"]
[Date "1998.??.??"]
[Round "9"]
[White "Cao Sang"]
[Black "Czebe, Attila"]
[Result "1/2-1/2"]
[WhiteElo "2495"]
[BlackElo "2455"]

1.e4 c5 2.Nf3 Nc6 3.Nc3 e5 4.g3 g6 5.Bg2 Bg7 6.d3 Nge7 7.Be3 d6 8.Qd2 Nd4
9.Nh4 Bf6 10.h3 Be6 11.Nf3 Qd7 12.Ng5 Bxg5 13.Bxg5 h6 14.Be3 f6 15.Nd5 Bxd5
16.exd5 Nef5 17.O-O O-O 18.Be4 g5 19.c3 Nb5 20.Bg2 Qf7 21.Kh2 Nc7 22.d4 b6
23.Qd3 exd4 24.cxd4 Nxe3 25.Qxe3 Rae8 26.Qd2 Nb5 27.dxc5 bxc5 28.Rfe1 Rxe1
29.Rxe1 Re8 30.Rxe8+ Qxe8 31.Qd3 Kg7 32.a4 Nd4 33.Qa6 Qb8 34.Kg1 h5 35.g4 hxg4
36.hxg4 f5 37.gxf5 Kf6 38.b4 cxb4 39.Qd3 Qb6 40.Qh3 Ne2+ 41.Kf1 Nf4 42.Qh6+ Kxf5
43.Qf8+ Ke5 44.Qg7+ Kf5 45.Qf7+ Ke5 46.Qg7+ Kf5 47.Qf8+ Ke5 48.Qh8+ Kf5 49.Qc8+ Ke5  1/2-1/2

[Event "Cannes op"]
[Site "Cannes"]
[Date "1998.??.??"]
[Round "4"]
[White "Doghri, Nabil"]
[Black "Mednis, Edmar John"]
[Result "1/2-1/2"]
[WhiteElo "2350"]
[BlackElo "2400"]

1.e4 c5 2.Nf3 Nc6 3.Nc3 d6 4.d4 cxd4 5.Nxd4 Nf6 6.Bc4 e6 7.Be3 Be7 8.Qe2 O-O
9.O-O-O a6 10.Bb3 Qc7 11.g4 Nxd4 12.Rxd4 Nd7 13.g5 Nc5 14.Rg1 f5 15.exf5 Rxf5
16.Kb1 d5 17.Rh4 g6 18.Bd4 Nxb3 19.axb3 Bd7 20.Qe3 Rc8 21.f4 Bd6 22.Bf6 Bxf4
23.Rxh7 Bxe3 24.Rh8+ Kf7 25.Rh7+  1/2-1/2